Hận nghìn đời /

Uloženo v:
Podrobná bibliografie
Hlavní autor: Lê Văn Trương
Médium: Sách giấy
Jazyk:Vietnamese
Vydáno: TP.HCM : Trẻ , 1995
Tagy: Přidat tag
Žádné tagy, Buďte první, kdo otaguje tento záznam!
Thư viện lưu trữ: Thư viện Trường Đại học Đà Lạt
LEADER 00557nam a2200253 4500
001 DLU020012074
005 ##5/22/2000
020 # # |a 978- 
041 # # |a vie 
082 # # |a TV  |b LE-T 
090 # # |a TV  |b LE-T 
100 # # |a Lê Văn Trương 
245 # # |a Hận nghìn đời /  |c Lê Văn Trương 
260 # # |a TP.HCM :  |b Trẻ ,  |c 1995 
300 # # |a 174 tr.;   |c 19 cm. 
992 # # |a 10500 
994 # # |a DLU 
900 # # |a False 
911 # # |a Administrator 
925 # # |a G 
926 # # |a A 
927 # # |a SH 
980 # # |a Thư viện Trường Đại học Đà Lạt